[Event "Championnat de France - Open B"]
[Site "Pau"]
[Date "2008.08.15"]
[Round "4.1"]
[White "De Seroux, Camille"]
[Black "Sauvan, Olivier"]
[Result "1-0"]
[WhiteElo "1898"]
[BlackElo "1956"]
[PlyCount "79"]

1. e4 d6 2. d4 Nf6 3. Nc3 Nbd7 4. g4 h6 5. Be3 e5 6. h3 Be7 7. Nge2 Nf8 8. Ng3
g5 9. Qd2 Ng6 10. O-O-O c6 11. Nf5 Bxf5 12. exf5 Nf4 13. dxe5 dxe5 14. Qe1 Qc7
15. Kb1 O-O 16. f3 b5 17. h4 a5 18. hxg5 hxg5 19. Qg3 Kg7 20. Rd2 Rh8 21. Rdh2
a4 22. a3 Rad8 23. Qf2 Qb7 24. Rxh8 Rxh8 25. Rxh8 Kxh8 26. Bc5 Kg7 27. Bxe7
Qxe7 28. Qb6 Qd7 29. Qc5 e4 30. fxe4 Nxg4 31. Qg1 f6 32. Qxg4 Qd4 33. Qd1 Qb6
34. Ne2 Nh5 35. Qd4 Qc7 36. Qd3 g4 37. Nd4 Qc8 38. Be2 c5 39. Ne6+ Kh6 40. Bxg4
1-0

[Event "Championnat de France - Open B"]
[Site "Pau"]
[Date "2008.08.15"]
[Round "4.2"]
[White "Wagner, Bruno"]
[Black "Giry, Jean-Marc"]
[Result "0-1"]
[WhiteElo "1956"]
[BlackElo "1934"]
[PlyCount "70"]

1. d4 b6 2. e4 Bb7 3. Bd3 e6 4. Nf3 Nf6 5. Qe2 d5 6. e5 Nfd7 7. Bf4 c5 8. c3
Nc6 9. a3 c4 10. Bc2 Be7 11. Nbd2 Qc7 12. Bg5 h6 13. Bxe7 Nxe7 14. g4 O-O-O 15.
O-O-O b5 16. g5 Nf8 17. Rdg1 h5 18. Nh4 g6 19. Rg3 a5 20. b4 Nf5 21. Nxf5 exf5
22. h4 Ne6 23. Nf3 Kd7 24. Kb2 Ra8 25. Ra1 Ra6 26. Ne1 Rha8 27. Ng2 axb4 28.
cxb4 Nxd4 29. Qe3 Ne6 30. Nf4 c3+ 31. Kb1 Nxf4 32. Qxf4 Rxa3 33. Rxa3 Rxa3 34.
Bxf5+ gxf5 35. Qxf5+ Ke8 0-1

[Event "Championnat de France - Open B"]
[Site "Pau"]
[Date "2008.08.15"]
[Round "4.3"]
[White "Najart, David"]
[Black "Cabanes, Kim"]
[Result "0-1"]
[WhiteElo "1852"]
[BlackElo "1934"]
[PlyCount "40"]

1. d4 c6 2. c4 f5 3. Nc3 g6 4. h4 h5 5. Nh3 Nf6 6. Nf4 Kf7 7. d5 Qc7 8. Qd3 e5
9. dxe6+ dxe6 10. Qg3 Rg8 11. Nxh5 Bd6 12. Nf4 Nh5 13. Qf3 Bxf4 14. e3 Be5 15.
g4 Nf6 16. h5 fxg4 17. hxg6+ Rxg6 18. Rh7+ Rg7 19. Rxg7+ Kxg7 20. Qh1 Qf7 0-1

[Event "Championnat de France - Open B"]
[Site "Pau"]
[Date "2008.08.15"]
[Round "4.4"]
[White "Gacogne, Charlie"]
[Black "Perradin, Vincent"]
[Result "1/2-1/2"]
[WhiteElo "1933"]
[BlackElo "2000"]
[PlyCount "79"]

1. e4 e5 2. Nf3 Nc6 3. Bb5 a6 4. Ba4 Nf6 5. O-O d6 6. Re1 b5 7. Bb3 Na5 8. c3
Nxb3 9. axb3 Bb7 10. d3 Be7 11. Nbd2 O-O 12. Qe2 Re8 13. b4 Bf8 14. Nb3 Rc8 15.
Bg5 c5 16. bxc5 dxc5 17. h3 Qb6 18. Qe3 Qe6 19. Na5 Ba8 20. c4 Nd7 21. Bh4 Nb8
22. Bg3 f6 23. Nh4 Nc6 24. Nxc6 Qxc6 25. Nf5 Rcd8 26. b3 Bb7 27. Qe2 Bc8 28.
Ne3 Bb7 29. Nd5 Ra8 30. f4 exf4 31. Bxf4 Bd6 32. Qg4 Bxf4 33. Qxf4 Re5 34. Rf1
Rae8 35. Rf2 Qd6 36. Raf1 Bxd5 37. exd5 a5 38. d4 cxd4 39. Qxd4 Re4 40. Qc3
1/2-1/2

[Event "Championnat de France - Open B"]
[Site "Pau"]
[Date "2008.08.15"]
[Round "4.5"]
[White "Pokee, Anne"]
[Black "Marks, Edwin"]
[Result "1/2-1/2"]
[WhiteElo "1996"]
[BlackElo "1888"]
[PlyCount "64"]

1. e4 e6 2. d4 d5 3. e5 c5 4. c3 Nc6 5. Nf3 Qb6 6. Bd3 cxd4 7. cxd4 Bd7 8. O-O
Nxd4 9. Nxd4 Qxd4 10. Nc3 a6 11. Re1 Ne7 12. Be3 Qxe5 13. Na4 Bxa4 14. Qxa4+
Nc6 15. Rac1 Qc7 16. a3 Bd6 17. Qh4 Qd8 18. Qg4 Qf6 19. Re2 O-O 20. Rxc6 bxc6
21. Bg5 Qe5 22. Rxe5 Bxe5 23. Bc1 g6 24. h4 Bg7 25. h5 c5 26. hxg6 hxg6 27.
Bxg6 fxg6 28. Qxe6+ Kh7 29. Qxd5 Rad8 30. Qxc5 Bd4 31. Qe7+ Kg8 32. Qe6+ Kg7
1/2-1/2

[Event "Championnat de France - Open B"]
[Site "Pau"]
[Date "2008.08.15"]
[Round "4.6"]
[White "Lepot, Simon"]
[Black "Peyre, Camille"]
[Result "1-0"]
[WhiteElo "1982"]
[BlackElo "1845"]
[PlyCount "51"]

1. e4 c5 2. Nf3 e6 3. d4 cxd4 4. Nxd4 a6 5. Bd3 Bc5 6. Nb3 Ba7 7. c4 Nc6 8. Nc3
d6 9. O-O Nf6 10. Kh1 Ne5 11. Qe2 O-O 12. Be3 Bxe3 13. Qxe3 Qc7 14. Rac1 b6 15.
f4 Nxd3 16. Qxd3 Bb7 17. Nd4 Rac8 18. b3 d5 19. cxd5 exd5 20. e5 Ne4 21. Nxe4
Qxc1 22. Nd6 Rc3 23. N4f5 Rxd3 24. Rxc1 Ba8 25. Ne7+ Kh8 26. Nxf7+ 1-0

[Event "Championnat de France - Open B"]
[Site "Pau"]
[Date "2008.08.15"]
[Round "4.7"]
[White "Charbonnel, Jean-Jacques"]
[Black "Grandadam, Patrick"]
[Result "0-1"]
[WhiteElo "1929"]
[BlackElo "1980"]
[PlyCount "68"]

1. e4 c5 2. Nc3 e6 3. Nf3 a6 4. a4 b6 5. g3 Bb7 6. Bg2 Nc6 7. O-O g6 8. d3 Bg7
9. Re1 Nge7 10. Bf4 e5 11. Be3 d6 12. Nd2 O-O 13. Nc4 Qc7 14. Qd2 Nd4 15. h4
Bc6 16. a5 b5 17. Nb6 Rab8 18. Ne2 f5 19. Nxd4 cxd4 20. Bg5 Nc8 21. Nxc8 Rbxc8
22. c3 dxc3 23. Qxc3 Qf7 24. Qd2 f4 25. Bh3 Bd7 26. Bxd7 Qxd7 27. gxf4 h6 28.
fxe5 Qg4+ 29. Kf1 hxg5 30. exd6 Bd4 31. Re2 Qxh4 32. Re3 Bxe3 33. Qxe3 Qh1+ 34.
Ke2 Rc2+ 0-1

[Event "Championnat de France - Open B"]
[Site "Pau"]
[Date "2008.08.15"]
[Round "4.8"]
[White "Feryn, Benjamin"]
[Black "Ferrier, David"]
[Result "0-1"]
[WhiteElo "1918"]
[BlackElo "1978"]
[PlyCount "48"]

1. e4 c5 2. Nf3 e6 3. d4 cxd4 4. Nxd4 a6 5. Nc3 b5 6. Bd3 b4 7. Nce2 Bb7 8. O-O
d6 9. Ng3 Nf6 10. Be3 Nbd7 11. Qd2 d5 12. exd5 Bxd5 13. Rfe1 Be7 14. Bg5 O-O
15. Bxf6 Nxf6 16. Ne4 a5 17. c4 bxc3 18. Nxc3 Bc5 19. Nxd5 Qxd5 20. Ne2 Bxf2+
21. Kf1 Bxe1 22. Rxe1 Rad8 23. Rd1 Qh5 24. h3 Ne4 0-1

[Event "Championnat de France - Open B"]
[Site "Pau"]
[Date "2008.08.15"]
[Round "4.9"]
[White "Meley, Hector"]
[Black "Leroux, Mathieu"]
[Result "1-0"]
[WhiteElo "1912"]
[BlackElo "1970"]
[PlyCount "87"]

1. d4 f5 2. Nf3 g6 3. g3 Bg7 4. Bg2 Nf6 5. O-O O-O 6. c4 d6 7. Nc3 Qe8 8. Re1
Qf7 9. Qb3 Ne4 10. Be3 Nxc3 11. bxc3 h6 12. Bc1 c6 13. Ba3 Nd7 14. e4 fxe4 15.
Rxe4 Nf6 16. Re3 Rb8 17. Rae1 Re8 18. Qa4 Bf5 19. Qxa7 Ra8 20. Qxb7 Rxa3 21.
Rxe7 Rxe7 22. Rxe7 Qf8 23. Nh4 Rxa2 24. Bxc6 Bh3 25. Re1 Kh7 26. Nxg6 Qc8 27.
Qb1 Ra1 28. Qxa1 Qxc6 29. Nf4 Bf5 30. Qa2 Ne4 31. Nd5 Ng5 32. Re7 Qc8 33. Qa7
Qf8 34. f4 Nf3+ 35. Kg2 Nd2 36. Rf7 Be4+ 37. Kf2 Qh8 38. Qd7 Bxd5 39. Qf5+ Kg8
40. Qxd5 Ne4+ 41. Kf3 Nxc3 42. Qe6 Kh7 43. Qf5+ Kg8 44. Re7 1-0

[Event "Championnat de France - Open B"]
[Site "Pau"]
[Date "2008.08.15"]
[Round "4.10"]
[White "Fantinel, Thibault"]
[Black "Mestdagh, Franck"]
[Result "1-0"]
[WhiteElo "1908"]
[BlackElo "1957"]
[PlyCount "103"]

1. e4 c5 2. Nf3 d6 3. d4 cxd4 4. Nxd4 Nf6 5. Nc3 a6 6. g3 e6 7. Bg2 Be7 8. O-O
Qc7 9. a4 Bd7 10. f4 Nc6 11. Nb3 Na5 12. Nxa5 Qxa5 13. Be3 Bc6 14. Qe2 O-O 15.
g4 Qb4 16. Bd2 Qd4+ 17. Be3 Qb4 18. Bd2 Qd4+ 19. Rf2 d5 20. exd5 Nxd5 21. Nxd5
Bxd5 22. c3 Qc4 23. Be3 Bh4 24. Qxc4 Bxf2+ 25. Kxf2 Bxc4 26. a5 Rfd8 27. Bd4 f6
28. Re1 Kf7 29. b4 Bd5 30. Bf1 h6 31. Bd3 Rh8 32. h4 g5 33. fxg5 hxg5 34. h5
Rac8 35. Ke3 e5 36. Bg6+ Kg7 37. Bc5 Rxc5 38. bxc5 Rc8 39. Rd1 Rxc5 40. c4 Be6
41. Rb1 Rc7 42. Be4 Bxg4 43. Rxb7 Rd7 44. Bc6 Rxb7 45. Bxb7 Bd7 46. c5 Be6 47.
Bxa6 Bd5 48. Bb5 Ba8 49. c6 g4 50. c7 Bb7 51. a6 Bc8 52. a7 1-0

[Event "Championnat de France - Open B"]
[Site "Pau"]
[Date "2008.08.16"]
[Round "5.1"]
[White "Cabanes, Kim"]
[Black "De Seroux, Camille"]
[Result "1-0"]
[WhiteElo "1934"]
[BlackElo "1898"]
[PlyCount "123"]

1. e4 c5 2. Nf3 d6 3. c3 Nf6 4. h3 Nc6 5. Bd3 g6 6. O-O Bg7 7. Bc2 O-O 8. d4
cxd4 9. cxd4 Bd7 10. Nc3 Rc8 11. Re1 Ne8 12. Bg5 h6 13. Bh4 g5 14. Bg3 g4 15.
hxg4 Bxg4 16. e5 Bxf3 17. gxf3 dxe5 18. dxe5 Qxd1 19. Raxd1 Nc7 20. f4 Rcd8 21.
Rxd8 Rxd8 22. Rd1 Nd4 23. Kg2 Nce6 24. Be4 Nc6 25. Rxd8+ Ncxd8 26. f5 Nc5 27.
Bb1 h5 28. f4 Bh6 29. Kh3 Nc6 30. Kh4 Nb4 31. Kxh5 Bg7 32. a3 Nc6 33. b4 Nd7
34. Be4 Nb6 35. b5 Nd8 36. Bd3 Nd7 37. Bf2 b6 38. Be4 e6 39. fxe6 Nxe6 40. Kg4
Bf8 41. a4 Bh6 42. Nd5 Bf8 43. Bc2 Kg7 44. Bg3 Nec5 45. f5 a6 46. bxa6 Nxa6 47.
Bd3 Nb4 48. f6+ Kh8 49. Bc4 Nxd5 50. Bxd5 Kg8 51. Kf5 Nc5 52. Bc6 Ne6 53. Bf2
Bc5 54. Bxc5 Nxc5 55. Be8 Kf8 56. Bb5 Ne6 57. Ke4 Kg8 58. Kd5 Nf4+ 59. Kc6 Ng6
60. Kxb6 Nxe5 61. a5 Nf3 62. a6 1-0

[Event "Championnat de France - Open B"]
[Site "Pau"]
[Date "2008.08.16"]
[Round "5.2"]
[White "Giry, Jean-Marc"]
[Black "Lepot, Simon"]
[Result "1-0"]
[WhiteElo "1934"]
[BlackElo "1982"]
[PlyCount "107"]

1. c4 Nf6 2. g3 c5 3. Nc3 d5 4. cxd5 Nxd5 5. Bg2 Nc7 6. Nf3 Nc6 7. O-O e5 8.
Ne1 Bg4 9. Qa4 Qd7 10. Nd3 f6 11. f4 Qd4+ 12. Rf2 Qxa4 13. Nxa4 c4 14. Ndc5
O-O-O 15. Bxc6 bxc6 16. fxe5 Rd5 17. Ne4 Rxe5 18. d3 cxd3 19. exd3 f5 20. Bf4
Ra5 21. Nec3 Nd5 22. Nxd5 Rxd5 23. Rc1 Kb7 24. Rfc2 Rxd3 25. Rxc6 Rd1+ 26. Kf2
Rxc1 27. Rxc1 Bb4 28. Rc7+ Ka8 29. Be3 Re8 30. Rxa7+ Kb8 31. Rxg7 Be1+ 32. Kxe1
Rxe3+ 33. Kf1 h5 34. Nc5 Rf3+ 35. Kg2 Re3 36. h3 Bd1 37. Rd7 Bc2 38. Rd2 Be4+
39. Nxe4 fxe4 40. g4 h4 41. Rc2 Kb7 42. Kh2 Rd3 43. Re2 Kc6 44. Rxe4 Rd2+ 45.
Kg1 Rxb2 46. g5 Rxa2 47. Rxh4 Ra7 48. Rf4 Kd6 49. Kg2 Ke6 50. Kg3 Rg7 51. Kg4
Ke7 52. h4 Ke8 53. h5 Ke7 54. g6 1-0

[Event "Championnat de France - Open B"]
[Site "Pau"]
[Date "2008.08.16"]
[Round "5.3"]
[White "Grandadam, Patrick"]
[Black "Meley, Hector"]
[Result "0-1"]
[WhiteElo "1980"]
[BlackElo "1912"]
[PlyCount "56"]

1. Nf3 d5 2. d4 Nf6 3. c4 e6 4. Nc3 Nbd7 5. cxd5 exd5 6. Bf4 c6 7. Qc2 Be7 8.
h3 O-O 9. e3 Re8 10. Bd3 a6 11. O-O-O Nf8 12. g4 b5 13. Rdg1 Be6 14. Ne5 Rc8
15. Kb1 c5 16. dxc5 Rxc5 17. Qd1 Qa5 18. Bf5 Rec8 19. Bxe6 Nxe6 20. Nd3 Rxc3
21. bxc3 Ne4 22. Qc1 Nxc3+ 23. Kc2 Nxa2+ 24. Kb1 Nc3+ 25. Kc2 Qa2+ 26. Qb2 Na4+
27. Kd2 Nxb2 28. Rc1 Nc4+ 0-1

[Event "Championnat de France - Open B"]
[Site "Pau"]
[Date "2008.08.16"]
[Round "5.4"]
[White "Ferrier, David"]
[Black "Fantinel, Thibault"]
[Result "0-1"]
[WhiteElo "1978"]
[BlackElo "1908"]
[PlyCount "76"]

1. d4 Nf6 2. Bg5 c5 3. d5 Ne4 4. Bf4 Qb6 5. Qc1 e6 6. c4 exd5 7. cxd5 c4 8. Nh3
Qa5+ 9. Nd2 Qxd5 10. Qxc4 Qxc4 11. Nxc4 d5 12. Nd2 Bb4 13. Ng5 Nc6 14. a3 Bxd2+
15. Bxd2 Nd4 16. Rb1 Nc2+ 17. Kd1 Nxf2+ 18. Kxc2 Nxh1 19. e4 Nf2 20. Bb5+ Bd7
21. Bxd7+ Kxd7 22. Rf1 f6 23. Rxf2 fxg5 24. Rf7+ Ke6 25. Rxb7 dxe4 26. Rxg7 h6
27. Bb4 Rhd8 28. g4 Rd7 29. Rg6+ Ke5 30. Rxh6 Kf4 31. h3 Rc8+ 32. Kb1 e3 33.
Re6 Rc4 34. Rf6+ Kg3 35. Re6 Kf3 36. b3 Re4 37. Rf6+ Kg2 38. Kc2 Kxh3 0-1

[Event "Championnat de France - Open B"]
[Site "Pau"]
[Date "2008.08.16"]
[Round "5.5"]
[White "Perradin, Vincent"]
[Black "Aubry, Fabien"]
[Result "0-1"]
[WhiteElo "2000"]
[BlackElo "1890"]
[PlyCount "74"]

1. e4 d6 2. d4 Nf6 3. Nc3 e5 4. d5 Be7 5. f3 O-O 6. Be3 c6 7. dxc6 bxc6 8. Bc4
Be6 9. Bb3 d5 10. Bg5 Nbd7 11. h4 Nc5 12. Nge2 Qa5 13. Bd2 Qb6 14. Ng3 Nxb3 15.
axb3 Rfd8 16. Qe2 Rd7 17. Na4 Qc7 18. O-O-O d4 19. Bg5 c5 20. f4 Bg4 21. Qd3
Bxd1 22. Rxd1 Ng4 23. Qe2 Ne3 24. Rh1 exf4 25. Nf5 Nxf5 26. exf5 f6 27. Qh5 Bd6
28. Kb1 Re7 29. Qg4 Kh8 30. Ka2 c4 31. Rf1 cxb3+ 32. cxb3 fxg5 33. hxg5 Rb8 34.
Rh1 Qb7 35. Rh3 Re3 36. Rxh7+ Kxh7 37. g6+ Kg8 0-1

[Event "Championnat de France - Open B"]
[Site "Pau"]
[Date "2008.08.16"]
[Round "5.6"]
[White "Gambini, Stephane"]
[Black "Sola, Flavien"]
[Result "0-1"]
[WhiteElo "1999"]
[BlackElo "1895"]
[PlyCount "126"]

1. e4 e5 2. Nf3 Nc6 3. d4 exd4 4. Bc4 Nf6 5. O-O Nxe4 6. Re1 d5 7. Bxd5 Qxd5 8.
Nc3 Qh5 9. Nxe4 Be6 10. Bg5 Be7 11. Bxe7 Nxe7 12. Nxd4 Qxd1 13. Raxd1 O-O-O 14.
Nc5 Nf5 15. Ncxe6 fxe6 16. Nxe6 Rxd1 17. Rxd1 Re8 18. Nf4 g5 19. Nd3 Re2 20. c3
Nd6 21. Kf1 Rc2 22. Ke1 Nc4 23. b3 Nd6 24. Rd2 Rxc3 25. f3 a5 26. Kf2 b6 27.
Kg3 h5 28. Kf2 a4 29. Ne1 axb3 30. axb3 Rxb3 31. Rd5 Rb5 32. Rxb5 Nxb5 33. Kg3
Nd4 34. f4 Ne2+ 35. Kf3 Nxf4 36. h4 Ne6 37. hxg5 Nxg5+ 38. Kf4 Ne6+ 39. Kf5 Kd7
40. g3 Nd4+ 41. Kg5 Ne2 42. Kh4 Ke6 43. Nd3 c5 44. Kxh5 Nxg3+ 45. Kg4 Ne2 46.
Kf3 Nc3 47. Ke3 Kd5 48. Kd2 Kd4 49. Nf4 Ne4+ 50. Kc2 c4 51. Ne6+ Kd5 52. Nf4+
Kc5 53. Ne6+ Kb4 54. Nd4 Ka4 55. Kb2 b5 56. Nc2 b4 57. Nd4 b3 58. Ka1 c3 59.
Ne2 b2+ 60. Ka2 Kb4 61. Nd4 Nd2 62. Nc2+ Kc4 63. Na3+ Kd3 0-1

[Event "Championnat de France - Open B"]
[Site "Pau"]
[Date "2008.08.16"]
[Round "5.7"]
[White "Caen, Eric"]
[Black "Pokee, Anne"]
[Result "0-1"]
[WhiteElo "1901"]
[BlackElo "1996"]
[PlyCount "108"]

1. d4 d5 2. Bf4 Bf5 3. Nf3 e6 4. c3 Nd7 5. e3 Ngf6 6. Bd3 Bg6 7. Ne5 Nxe5 8.
Bxe5 Nd7 9. Bg3 c6 10. Bxg6 hxg6 11. Nd2 Be7 12. Qb3 Qb6 13. O-O c5 14. c4 cxd4
15. cxd5 Qxb3 16. Nxb3 exd5 17. Nxd4 O-O 18. Rac1 Rac8 19. h3 a6 20. Rfd1 Bf6
21. b3 Rfe8 22. Kf1 Nc5 23. Ne2 Ne4 24. Rxc8 Rxc8 25. f3 Nxg3+ 26. Nxg3 Rc2 27.
Rxd5 Rxa2 28. Ne4 Rb2 29. Rd3 b6 30. Nxf6+ gxf6 31. Kg1 Kf8 32. Kh2 Ke7 33. Kg3
Ke6 34. f4 f5 35. Kf3 Rc2 36. Kg3 Rc6 37. Kf3 b5 38. e4 fxe4+ 39. Kxe4 f5+ 40.
Kf3 Rd6 41. Ke3 a5 42. g4 Rxd3+ 43. Kxd3 a4 44. bxa4 bxa4 45. Kc4 a3 46. Kb3
Kd5 47. gxf5 gxf5 48. h4 Ke6 49. Kxa3 Kf6 50. h5 Kg7 51. Kb4 Kh6 52. Kc4 Kxh5
53. Kd4 Kh4 54. Kd5 Kg3 0-1

[Event "Championnat de France - Open B"]
[Site "Pau"]
[Date "2008.08.16"]
[Round "5.8"]
[White "Marks, Edwin"]
[Black "De La Fontaine, Christophe"]
[Result "1/2-1/2"]
[WhiteElo "1888"]
[BlackElo "1995"]
[PlyCount "31"]

1. d4 d5 2. c4 c6 3. Nf3 Nf6 4. Nc3 e6 5. Bg5 Be7 6. e3 Nbd7 7. Qc2 O-O 8. a3
Re8 9. Rc1 Nh5 10. Bxe7 Qxe7 11. cxd5 exd5 12. Bd3 Nf8 13. O-O Ng6 14. e4 dxe4
15. Bxe4 Nf6 16. Rfe1 1/2-1/2

[Event "Championnat de France - Open B"]
[Site "Pau"]
[Date "2008.08.16"]
[Round "5.9"]
[White "Chebance, Benoit"]
[Black "Coste, Roman"]
[Result "1/2-1/2"]
[WhiteElo "1988"]
[BlackElo "1875"]
[PlyCount "89"]

1. e4 e6 2. d4 d5 3. Nd2 dxe4 4. Nxe4 Nd7 5. Nf3 Ngf6 6. Nxf6+ Nxf6 7. Bd3 c5
8. dxc5 Bxc5 9. O-O O-O 10. Bg5 Be7 11. Qe2 Nd5 12. Bxe7 Qxe7 13. Bc4 Nb6 14.
Bb3 Bd7 15. a4 Bc6 16. Ne5 Qc7 17. Nxc6 Qxc6 18. a5 Nd5 19. Ra4 Qc5 20. Qh5 g6
21. Qh6 f5 22. h4 Rfd8 23. h5 Qf8 24. Qxf8+ Kxf8 25. hxg6 hxg6 26. Re1 Kf7 27.
Rd4 Nc7 28. Red1 Ke7 29. Kf1 e5 30. Rxd8 Rxd8 31. Rxd8 Kxd8 32. Bf7 g5 33. Bg6
f4 34. Be4 b6 35. axb6 axb6 36. Ke2 Kd7 37. Kd3 Kd6 38. b4 Ne6 39. c3 Nc7 40.
Bb7 b5 41. Ke4 Ke6 42. f3 Ne8 43. Bc8+ Kd6 44. Kf5 Nc7 45. Ke4 1/2-1/2

[Event "Championnat de France - Open B"]
[Site "Pau"]
[Date "2008.08.16"]
[Round "5.10"]
[White "Sauvan, Olivier"]
[Black "Hourlier, Claire"]
[Result "1-0"]
[WhiteElo "1956"]
[BlackElo "1875"]
[PlyCount "71"]

1. d4 Nf6 2. c4 e5 3. dxe5 Ng4 4. Nf3 Bc5 5. e3 Nc6 6. Bd2 O-O 7. Be2 a5 8. O-O
Ngxe5 9. Bc3 Nxf3+ 10. Bxf3 d6 11. Be4 Ne5 12. b3 Qh4 13. Nd2 c6 14. Qc2 f5 15.
Bf3 f4 16. Bxe5 dxe5 17. exf4 Qxf4 18. Ne4 Bf5 19. Qe2 Bd4 20. Rad1 Rad8 21.
Ng3 Bg6 22. Qe1 Rde8 23. Qxa5 Bxf2+ 24. Rxf2 e4 25. Rdf1 exf3 26. Rxf3 Qd4+ 27.
Kh1 Rxf3 28. Rxf3 Be4 29. Rf1 Qd3 30. Qa7 Qc2 31. Nxe4 Qxe4 32. Qxb7 Re7 33.
Qc8+ Re8 34. Qd7 Re7 35. Qd2 Qg4 36. Qd8+ 1-0

[Event "Championnat de France - Open B"]
[Site "Pau"]
[Date "2008.08.16"]
[Round "5.17"]
[White "Delay, Guillaume"]
[Black "Bellaiche, Elise"]
[Result "1-0"]
[WhiteElo "1906"]
[BlackElo "1769"]
[PlyCount "39"]

1. e4 e6 2. d4 d5 3. Nc3 Bb4 4. e5 c5 5. a3 Bxc3+ 6. bxc3 Ne7 7. Nf3 Nbc6 8. a4
Nf5 9. Bd3 Nh4 10. g3 Nxf3+ 11. Qxf3 cxd4 12. Qg4 Nxe5 13. Qxg7 Nxd3+ 14. cxd3
Ke7 15. Qxd4 Rg8 16. Ba3+ Ke8 17. Rb1 Qc7 18. O-O Bd7 19. Qh4 Bc8 20. Qxh7 1-0

[Event "Championnat de France - Open B"]
[Site "Pau"]
[Date "2008.08.16"]
[Round "5.18"]
[White "Leroux, Mathieu"]
[Black "Assedo, Johaquim"]
[Result "1-0"]
[WhiteElo "1970"]
[BlackElo "1699"]
[PlyCount "35"]

1. e4 c5 2. Nc3 Nc6 3. g3 g6 4. Bg2 d6 5. f4 e6 6. Nf3 Bg7 7. O-O Bd7 8. d3
Nge7 9. Ne2 O-O 10. c3 Qb6 11. Kh1 f5 12. Qc2 e5 13. Be3 Qc7 14. Rac1 fxe4 15.
dxe4 Rac8 16. Rcd1 Be6 17. Ng5 Bxa2 18. b3 1-0

[Event "Championnat de France - Open B"]
[Site "Pau"]
[Date "2008.08.16"]
[Round "5.21"]
[White "Mestdagh, Franck"]
[Black "Pieragnoli, Bruno"]
[Result "1-0"]
[WhiteElo "1957"]
[BlackElo "1900"]
[PlyCount "31"]

1. d4 d5 2. Nf3 Bf5 3. g3 Nf6 4. Bg2 e6 5. O-O Nbd7 6. c4 c6 7. Nc3 Bd6 8. Qb3
dxc4 9. Qxb7 Qc8 10. Qxc8+ Rxc8 11. Nd2 Nb6 12. e4 Bg6 13. e5 Bxe5 14. dxe5
Nfd5 15. a4 O-O 16. Be4 1-0

[Event "Championnat de France - Open B"]
[Site "Pau"]
[Date "2008.08.16"]
[Round "5.22"]
[White "Guyon, Cyndie"]
[Black "Gey, Marc-Emile"]
[Result "1/2-1/2"]
[WhiteElo "1873"]
[BlackElo "1956"]
[PlyCount "28"]

1. d4 Nf6 2. c4 e6 3. Nc3 Bb4 4. Qc2 Nc6 5. e3 O-O 6. Nf3 d6 7. Be2 e5 8. d5
Ne7 9. e4 Bxc3+ 10. bxc3 Nd7 11. Bg5 Nc5 12. Be3 Nd7 13. Bg5 Nc5 14. Be3 Nd7
1/2-1/2

[Event "Championnat de France - Open B"]
[Site "Pau"]
[Date "2008.08.16"]
[Round "5.47"]
[White "Anton, Gregory"]
[Black "Martin, Alexandre"]
[Result "1/2-1/2"]
[WhiteElo "1907"]
[BlackElo "1813"]
[PlyCount "29"]

1. Nf3 e6 2. b3 c5 3. Bb2 Nf6 4. e3 Nc6 5. Bb5 a6 6. Bxc6 bxc6 7. d3 d6 8. O-O
e5 9. Nbd2 Bg4 10. h3 Be6 11. Ng5 Qd7 12. Nxe6 Qxe6 13. Qe2 d5 14. e4 Bd6 15.
Rae1 1/2-1/2

[Event "Championnat de France - Open B"]
[Site "Pau"]
[Date "2008.08.16"]
[Round "5.48"]
[White "Banuls, Adrien"]
[Black "Heyman, Jacques"]
[Result "1/2-1/2"]
[WhiteElo "1814"]
[BlackElo "1907"]
[PlyCount "31"]

1. e4 c6 2. d4 d5 3. exd5 cxd5 4. c4 Nf6 5. Nc3 Nc6 6. Nf3 Bg4 7. cxd5 Nxd5 8.
Qb3 e6 9. Qxb7 Nxd4 10. Bb5+ Nxb5 11. Qc6+ Ke7 12. Qxb5 Qd7 13. Nxd5+ Qxd5 14.
Qxd5 exd5 15. Bg5+ f6 16. Be3 1/2-1/2

[Event "Championnat de France - Open B"]
[Site "Pau"]
[Date "2008.08.16"]
[Round "5.55"]
[White "Armas, Lena"]
[Black "Tissot, Fabien"]
[Result "1/2-1/2"]
[WhiteElo "1756"]
[BlackElo "1890"]
[PlyCount "41"]

1. e4 d6 2. Bc4 Nf6 3. d3 g6 4. Bg5 Bg7 5. Nc3 c6 6. Qd2 b5 7. Bb3 a5 8. a4 b4
9. Nce2 Nbd7 10. Nf3 Nc5 11. Bc4 Bd7 12. e5 dxe5 13. Nxe5 Nd5 14. Nxd7 Qxd7 15.
Ra2 Nb6 16. Bb3 Nxb3 17. cxb3 Qd5 18. Qe3 O-O 19. O-O Qxb3 20. Rfa1 Bxb2 21.
Nc1 1/2-1/2

[Event "Championnat de France - Open B"]
[Site "Pau"]
[Date "2008.08.16"]
[Round "5.60"]
[White "Moulie, Patrick"]
[Black "Cazeaux, Didier"]
[Result "1/2-1/2"]
[WhiteElo "1930"]
[BlackElo "1841"]
[PlyCount "31"]

1. e4 c5 2. d4 cxd4 3. c3 g6 4. cxd4 Bg7 5. Nf3 d5 6. e5 e6 7. Bb5+ Bd7 8.
Bxd7+ Nxd7 9. Nc3 Ne7 10. O-O O-O 11. Be3 Nf5 12. Bg5 Qb6 13. Qd2 Rfc8 14. g4
h6 15. gxf5 hxg5 16. f6 1/2-1/2

[Event "Championnat de France - Open B"]
[Site "Pau"]
[Date "2008.08.16"]
[Round "5.69"]
[White "Bourogaa, Younes"]
[Black "Riols, Jacques"]
[Result "0-1"]
[WhiteElo "1872"]
[BlackElo "1778"]
[PlyCount "36"]

1. d4 d6 2. c4 Nf6 3. Nc3 e6 4. e4 Be7 5. Be3 Nbd7 6. Bd3 Nf8 7. Nf3 Ng6 8. O-O
a6 9. Qc2 O-O 10. Rab1 e5 11. d5 Nh5 12. g3 Bh3 13. Rfc1 Qd7 14. Ng5 Bxg5 15.
Bxg5 Qg4 16. Qd2 Nhf4 17. Bxf4 exf4 18. Ne2 Qf3 0-1

[Event "Championnat de France - Open B"]
[Site "Pau"]
[Date "2008.08.17"]
[Round "6.1"]
[White "Giry, Jean-Marc"]
[Black "Cabanes, Kim"]
[Result "1-0"]
[WhiteElo "1934"]
[BlackElo "1934"]
[PlyCount "85"]

1. c4 Nf6 2. g3 c6 3. Bg2 d5 4. d4 Bf5 5. Qb3 Qb6 6. Qxb6 axb6 7. cxd5 cxd5 8.
Nc3 e6 9. Nf3 Bb4 10. Bd2 Bxc3 11. bxc3 h6 12. O-O O-O 13. Ne5 Ne4 14. Bxe4
Bxe4 15. f3 Bh7 16. Nd3 Nd7 17. Rfb1 Ra3 18. Rb3 Rfa8 19. Rxa3 Rxa3 20. Nb4 Kf8
21. Kf2 Ke8 22. Ke1 Nb8 23. Kd1 Nc6 24. Nc2 Ra4 25. a3 Na5 26. Bc1 Rc4 27. Bd2
Nb3 28. Ra2 Bxc2+ 29. Rxc2 Nxd2 30. Kxd2 Kd7 31. Rb2 Kc6 32. Rb4 f6 33. e4 Rxb4
34. axb4 b5 35. Ke3 Kd6 36. Kf4 g5+ 37. Kg4 e5 38. Kf5 exd4 39. cxd4 dxe4 40.
fxe4 Ke7 41. g4 Kf7 42. d5 b6 43. d6 1-0

[Event "Championnat de France - Open B"]
[Site "Pau"]
[Date "2008.08.17"]
[Round "6.2"]
[White "Meley, Hector"]
[Black "Aubry, Fabien"]
[Result "0-1"]
[WhiteElo "1912"]
[BlackElo "1890"]
[PlyCount "85"]

1. d4 d5 2. c4 c6 3. Nc3 Nf6 4. Nf3 a6 5. Bf4 dxc4 6. a4 Nd5 7. Bxb8 Rxb8 8.
Ne5 Be6 9. Qd2 g6 10. e3 Nxc3 11. bxc3 Bg7 12. Nxc4 Bd5 13. a5 O-O 14. Nb6 e5
15. c4 exd4 16. Ra3 dxe3 17. Rxe3 Be6 18. Rd3 Qf6 19. Be2 Qa1+ 20. Bd1 Bf5 21.
O-O Bxd3 22. Qxd3 Rbd8 23. Qb3 Qxa5 24. Na4 b5 25. Nc5 Qc3 26. Nxa6 bxc4 27.
Qxc3 Bxc3 28. Be2 Rd4 29. Rc1 Re8 30. Bf1 Bb2 31. Rxc4 Rxc4 32. Bxc4 Re1+ 33.
Bf1 Bd4 34. g3 Rb1 35. Kg2 Rb2 36. Bc4 Bxf2 37. Bd3 Kg7 38. Be4 c5 39. Bd3 Bd4+
40. Kh3 Rb7 41. Kg4 f5+ 42. Kf4 Rb2 43. Kf3 0-1

[Event "Championnat de France - Open B"]
[Site "Pau"]
[Date "2008.08.17"]
[Round "6.3"]
[White "Fantinel, Thibault"]
[Black "Sauvan, Olivier"]
[Result "1/2-1/2"]
[WhiteElo "1908"]
[BlackElo "1956"]
[PlyCount "40"]

1. e4 d6 2. d4 Nf6 3. Nc3 Nbd7 4. g4 h6 5. h3 e5 6. Nge2 Be7 7. Bg2 Nf8 8. Ng3
g5 9. Nf5 Ng6 10. O-O c6 11. a4 Qc7 12. Re1 Bxf5 13. exf5 Nf4 14. Bxf4 exf4 15.
Qe2 Kf8 16. Ne4 Nxe4 17. Qxe4 Bf6 18. Re2 Kg7 19. Rae1 Qb6 20. c3 Qb3 1/2-1/2

[Event "Championnat de France - Open B"]
[Site "Pau"]
[Date "2008.08.17"]
[Round "6.4"]
[White "Pokee, Anne"]
[Black "Najart, David"]
[Result "1/2-1/2"]
[WhiteElo "1996"]
[BlackElo "1852"]
[PlyCount "66"]

1. e4 c5 2. Nf3 d6 3. c3 Nf6 4. Be2 Nbd7 5. d3 b6 6. O-O Bb7 7. Bf4 e6 8. Na3
Be7 9. Nc4 Qc7 10. e5 dxe5 11. Nfxe5 Nxe5 12. Nxe5 Bd6 13. Qa4+ Nd7 14. Nxd7
Qxd7 15. Qxd7+ Kxd7 16. Bxd6 Kxd6 17. Rad1 Ke7 18. d4 Rhd8 19. dxc5 bxc5 20. f4
Bd5 21. b3 a5 22. Rd2 Rab8 23. Rfd1 a4 24. bxa4 c4 25. Kf2 Ra8 26. a5 Rdc8 27.
Bg4 Rc5 28. f5 Rcxa5 29. fxe6 fxe6 30. Ra1 Ra3 31. Rc2 Be4 32. Re2 Bd5 33. Rc2
Be4 1/2-1/2